000 00303nam a22001337a 4500
020 _a978-81-7223-489-8
082 _a823
_bSHE/M
100 _aSHELDON,SIDNEY
245 _aMEMORIES OF MIDNIGHT
260 _aNEW YORK
_bHARPPER COLLINS
300 _a290
650 _aNOVEL ENGLISH
_zNEW YORK
942 _cBK
999 _c3291
_d3291